Sobel - Pułapka na motyle - Statystyki

Ogólne statystyki
  • Ten quiz został rozwiązany 215 razy
  • Średni wynik to 10 z 13
Statystyki odpowiedzi
Numer Gość Utwór % Poprawnych
1. Bandyta
95%
6. Fiołkowe Pole
88%
3. Alien
83%
11. Kinol
80%
10. Young Igi Nie Teraz
78%
13. Gedz Restart
74%
8. To Ja
68%
12. Oki Pobudka
66%
2. Zaczarowany Mózg
66%
9. Gruby Temat
65%
5. Puzzle
65%
4. Kapie Deszcz
64%
7. Jeden Mały Problem
59%
Nie znaleziono quizów pasujących do podanych kryteriów
Rozkład punktacji
Procent ludzi z każdym wynikiem
Percentyl według liczby udzielonych odpowiedzi
Twoja historia wyników
Nie rozwiązałeś tego quizu